| 000 | 00000nas 2200000za 4500 |
| 001 | 9.809299 |
| 003 | CaOODSP |
| 005 | 20221107140611 |
| 007 | cr ||||||||||| |
| 008 | 160118d19622007oncmr p oss f000#b0fre|d |
| 022 | |y1181-6759 |
| 040 | |aCaOODSP|bfre |
| 041 | |aeng|afre |
| 043 | |an-cn--- |
| 086 | 1 |aCS65-007-PDF |
| 245 | 00|aImports by commodity |h[ressource électronique] = |bImportations par marchandise. |
| 246 | 11|aImportations par marchandise |
| 246 | 13|aImports by commodities |
| 246 | 13|aImports by commodity (H.S. based) |
| 246 | 13|aImportations par marchandise (base du S.H.) |
| 246 | 10|aImportations par marchandises |
| 246 | 10|aImportations par marchandise |
| 260 | |a[Ottawa] : |bBureau fédéral de la statistique : |bStatistique Canada, |c1962-2008. |
| 310 | |aMensuel |
| 362 | 0 |aVol. 19, no. 1 (jan. 1962)-v. 64, no. 12 (déc. 2007). |
| 490 | 0 |aTrade of Canada |
| 500 | |aÉdition numérisée de l’imprimé [par Statistique Canada]. |
| 546 | |aTexte en anglais seulement, janv. 1962-déc. 1965; texte en anglais et en français, janv. 1966-déc. 2007. |
| 692 | 07|2gccst|aCommerce |
| 710 | 1 |aCanada.|bStatistique Canada.|bDivision du commerce extérieur. |
| 710 | 1 |aCanada.|bStatistique Canada.|bDivision du commerce international. |
| 710 | 1 |aCanada.|bBureau fédéral de la statistique.|bDivision du commerce extérieur. |
| 776 | 0#|tImports by commodity = |w(CaOODSP)9.508295 |
| 791 | |tImports by commodity |eeng|w(CaOODSP)9.809296 |